| 000 | 00941nam a2200265 i 4500 | ||
|---|---|---|---|
| 001 | bg | ||
| 245 | 1 | 0 |
_aWielka księga firewalli : _bprzewodnik po najpopularniejszych obecnie implementacjach firewalli / _cRobert J. Shimorski [et al. ; tł. z ang. Sławomir Dzieniszewski et al.]. |
| 246 |
_iTyt. oryg.: _aBest damn firewall book period |
||
| 260 |
_aGliwice : _b"Helion", _c2004. |
||
| 300 |
_a1376 s. : _bil. ; _c25 cm. |
||
| 500 | _aTyt. oryg.: "Best damn firewall book period". | ||
| 504 | _aIndeks. | ||
| 650 | 9 |
_aSieć komputerowa _xochrona |
|
| 655 | _aPodręczniki | ||
| 700 | 1 | _aSHIMORSKI, Robert J. | |
| 700 | 1 |
_aDZIENISZEWSKI, Sławomir. _eTł. |
|
| 020 | _a8373614613 | ||
| 040 | _cBPK | ||
| 041 | 1 |
_apol _heng |
|
| 080 | _a004.7:004.056](07) | ||
| 920 | _a83-7361-461-3 | ||
| 942 | _cKS | ||
| 008 | s pl f |000 0 pol | ||
| 999 |
_c44929 _d44929 |
||
| 856 |
_uhttp://koha.tu.koszalin.pl/cgi-bin/koha/opac-detail.pl?biblionumber=44929 _yKatalog online BPK |
||